| 000 | 01142nam a22002655a 4500 | ||
|---|---|---|---|
| 003 | OSt | ||
| 005 | 20170522155959.0 | ||
| 008 | 161215s2016 ua frb 000 0 ara d | ||
| 015 | _a2014 / 17072 | ||
| 020 | _a9789773792560 | ||
| 040 |
_aEG-ScBUE _bara _cEG-ScBUE _dEG-ScBUE |
||
| 043 | _af-ua--- | ||
| 082 | 0 | 4 |
_bق ز ا _222 _a345.62023230285 |
| 100 | 1 | _aقزاز، بدر محمد السيد. | |
| 245 | 1 | 2 |
_aالإدارة الإلكترونية ودورها في مكافحة الفساد الإداري : _bدراسة مقارنة بالفقه الإسلامي / _cبدر محمد السيد القزاز. |
| 260 |
_aالأسكندرية، مصر : _bدار الفكر الجامعي، _c2016. |
||
| 300 |
_a481 ص. ؛ _c24 سم. |
||
| 504 | _aيشتمل على إرجاعات ببليوجرافية. | ||
| 650 | 7 |
_2BUEsh _aالإدارة _xمعالجة بيانات _xقوانين وتشريعات _zمصر. |
|
| 650 | 7 |
_2BUEsh _aالإسلام والفساد الإداري. |
|
| 650 | 7 |
_2BUEsh _a الفساد الإداري _xقوانين وتشريعات _zمصر. |
|
| 651 | _2BUEsh | ||
| 653 |
_bLLAAWW _cMay2017 |
||
| 942 | _2ddc | ||
| 999 |
_c24863 _d24835 |
||